MARC

LEADER 00000nam0a2200000 4500
001 300485
005 20231102001315.0
035 |a (RuTPU)RU\TPU\book\325638 
035 |a RU\TPU\book\228047 
090 |a 300485 
100 |a 20150710d1982 k y0rusy50 ca 
101 0 |a rus 
102 |a RU 
105 |a a z 001zy 
200 1 |a Элементы теории структур  |f Л. А. Скорняков 
205 |a 2-е изд., перераб. и доп. 
210 |a Москва  |c Наука  |d 1982 
215 |a 159 с.  |c ил. 
320 |a Библиогр.: с. 156 
320 |a Предметный указатель: с. 158-159 
606 1 |a Алгебра высшая  |2 stltpush  |3 (RuTPU)RU\TPU\subj\1729  |9 30432 
610 1 |a структуры 
610 1 |a теория 
610 1 |a множества 
610 1 |a трансфиниты 
610 1 |a булевы алгебры 
610 1 |a множества 
610 1 |a частично упорядоченные множества 
610 1 |a полные структуры 
610 1 |a свободные структуры 
610 1 |a дедекиндовы структуры 
610 1 |a дистрибутивные структуры 
675 |a 512  |v 4 
700 1 |a Скорняков  |b Л. А.  |g Лев Анатольевич 
801 1 |a RU  |b 63413507  |c 20120206 
801 2 |a RU  |b 63413507  |c 20170807  |g RCR 
942 |c BK